Кратковременные силы и импульсные воздействия в механических системах (Специальные главы механики): учебное пособие

Մատենագիտական մանրամասներ
Հիմնական հեղինակ: Мигиренко Г. С. Георгий Сергеевич
Համատեղ հեղինակ: Новосибирский электротехнический институт (НЭТИ)
Լեզու:ռուսերեն
Հրապարակվել է: Новосибирск, Изд-во НЭТИ, 1986
Խորագրեր:
Ձևաչափ: Գիրք
KOHA link:https://koha.lib.tpu.ru/cgi-bin/koha/opac-detail.pl?biblionumber=247206

MARC

LEADER 00000nam0a2200000 4500
001 247206
005 20231101232259.0
035 |a (RuTPU)RU\TPU\book\268683 
090 |a 247206 
100 |a 20131218d1986 m y0rusy50 ca 
101 0 |a rus 
102 |a RU 
105 |a a j 001zy 
200 1 |a Кратковременные силы и импульсные воздействия в механических системах (Специальные главы механики)  |e учебное пособие  |f Г. С. Мигиренко  |g Новосибирский электротехнический институт (НЭТИ) 
210 |a Новосибирск  |c Изд-во НЭТИ  |d 1986 
215 |a 80 с.  |c ил. 
320 |a Библиогр.: с. 78. 
606 1 |a Механика теоретическая  |2 stltpush  |3 (RuTPU)RU\TPU\subj\59441  |9 76991 
610 1 |a понятия 
610 1 |a законы 
610 1 |a теоремы 
610 1 |a силы 
610 1 |a моменты 
610 1 |a уравнения движения 
610 1 |a уравнения Лагранжа 
610 1 |a уравнения Гамильтона 
610 1 |a удар 
610 1 |a вибрации 
610 1 |a подобие 
610 1 |a моделирование 
610 1 |a учебные пособия 
610 1 |a теория 
675 |a 531(075.8)  |v 3 
700 1 |a Мигиренко  |b Г. С.  |g Георгий Сергеевич 
712 0 2 |a Новосибирский электротехнический институт (НЭТИ)  |c (1950-1992)  |2 stltpush  |3 (RuTPU)RU\TPU\col\203 
801 1 |a RU  |b 63413507  |c 20131218 
801 2 |a RU  |b 63413507  |c 20210415  |g RCR 
942 |c BK